logo

Bir Sreshtho Munshi Abdur Rouf Library
Jhenaidah Cadet College

Arithmetic / (Record no. 7225)

MARC details
000 -LEADER
fixed length control field 00727cam a2200265 a 4500
001 - CONTROL NUMBER
JCCL Control Number 7225
003 - CONTROL NUMBER IDENTIFIER
JCCL marc code BD-JhCC
005 - DATE AND TIME OF LATEST TRANSACTION
control field 20180417184625.0
008 - FIXED-LENGTH DATA ELEMENTS--GENERAL INFORMATION
fixed length control field 850118s1986 caua 001 0 eng
035 ## - SYSTEM CONTROL NUMBER
system control number (BD-JhCC)7225
040 ## - CATALOGING SOURCE
Original cataloging agency DLC
Transcribing agency DLC
Modifying agency DLC
-- BD-JhCC
041 ## - LANGUAGE CODE
Language code of Book eng
050 00 - LIBRARY OF CONGRESS CALL NUMBER
Classification number QA107
Item number .W58 1986
082 00 - DEWEY DECIMAL CLASSIFICATION NUMBER
Classification number 513
DDC Edition number 19
Author mark and Year ARI 1963
245 10 - TITLE STATEMENT
Title Arithmetic /
Statement of responsibility, etc E. T. Mcswain...[et.all]
260 ## - PUBLICATION, DISTRIBUTION, ETC. (IMPRINT)
Place of publication, distribution, etc New Jersey :
Name of publisher, distributor, etc Laidlaw Brothers,
Date of publication, distribution, etc 1963
300 ## - PHYSICAL DESCRIPTION
Pagination viii, 406 p. :
Other physical details ill. ;
Dimensions 28 cm.
440 #0 -
Title Harcourt Brace Jovanovich college outline series
440 #0 -
Title Books for professionals
500 ## - GENERAL NOTE
General note Includes index.
650 #0 - SUBJECT ADDED ENTRY--TOPICAL TERM
Topical term or geographic name as entry element Arithmetic.
700 1# - ADDED ENTRY--PERSONAL NAME
Personal name Mcswain, E. T.
942 ## - ADDED ENTRY ELEMENTS (KOHA)
Source of classification or shelving scheme Dewey Decimal Classification
Koha item type Books
Holdings
Source of classification or shelving scheme volume number Damaged status Not for loan Home library Current library Shelving location Total Checkouts Full call number Barcode Date last seen Copy number Koha item type
Dewey Decimal Classification V-3     JCC Rouf Library JCC Rouf Library General Stacks   513 ARI 1963 8629 02/06/2018 C - 1 Books
Dewey Decimal Classification V-3     JCC Rouf Library JCC Rouf Library General Stacks   513 ARI 1963 8630 02/06/2018 C - 1 Books

JCC Library | Contacts | JCC Home

Last Update on 23 September 2017
Copyright @ 2017-2020 JCC Rouf Library
Rouf Library, Jhenidah Cadet College (JCC), Bangladesh